Οι βυζαντινές εκκλησίες της Καντάνου = The byzantine churches of Kandanos
Αποθηκεύτηκε σε:
| Συγγραφή απο Οργανισμό/Αρχή: | |
|---|---|
| Μορφή: | Βιβλίο |
| Γλώσσα: | Greek English |
| Δημοσίευση: |
Χανιά :
Πολιτιστικός Σύλλογος Καντανιωτών "Καντανία",
c1999.
|
| Θέματα: | |
| Ετικέτες: |
Προσθήκη ετικέτας
Δεν υπάρχουν, Καταχωρήστε ετικέτα πρώτοι!
|
MARC
| LEADER | 00000cam a2200000 a 4500 | ||
|---|---|---|---|
| 001 | 1/122324 | ||
| 008 | 201125s1999####gr | ||| |||| ||gre|| | ||
| 020 | |a 9608647509 | ||
| 040 | |a GR-MyUa |b gre |c GR-MyUa |e AACR2 | ||
| 041 | 0 | |a gre |a eng | |
| 082 | 7 | |a 726.5094959 |2 (23) | |
| 245 | 0 | 3 | |a Οι βυζαντινές εκκλησίες της Καντάνου = |b The byzantine churches of Kandanos / |c [επιμέλεια έκδοσης: Διοικητικό Συμβούλιο Πολιτιστικού Συλλόγου Καντάνου ; φωτογράφηση: Αγγελική Ψαράκη, Κωνσταντίνος Πετράκης ; αγγλική μετάφραση: Αντωνακάκη-Ντουντουλάκη Ευθυμία, Ντουντουλάκη Σαμάνθα |
| 246 | 1 | |i Παράλληλος τίτλος: |a The byzantine churches of Kandanos | |
| 260 | |a Χανιά : |b Πολιτιστικός Σύλλογος Καντανιωτών "Καντανία", |c c1999. | ||
| 300 | |a 233 σ. : |b εικ. ; |c 29 εκ. | ||
| 650 | 0 | |a Church architecture |z Greece |z Chania (Nome) | |
| 650 | 0 | |a Architecture, Byzantine |z Greece |z Chania (Nome) | |
| 650 | 0 | |a Mural painting and decoration, Byzantine |z Greece |z Chania (Nome) | |
| 710 | 2 | |a Πολιτιστικός Σύλλογος Καντανιωτών "Καντανία". | |
| 852 | |a INST |b SYROS |e 20201120 |h 726.5094959 ΒΥΖ |p 005500014710 |q 005500014710 |t BK |y 0 | ||
| 920 | |a Σταματοπούλου |b Γεωργία |y Σύρος |z 2020-07 | ||
| 970 | |a Κοντού |b Παρασκευή |z 22/11/2020 | ||